[Event "IRI-ch U18"]
[Site "Chess.com INT"]
[Date "2021.01.26"]
[Round "6"]
[White "Alirezaei, Nima"]
[Black "Borji, Parham"]
[Result "1-0"]
[WhiteElo "1175"]
[BlackElo "1661"]
[PlyCount "87"]
[EventDate "2021.01.26"]
[EventType "swiss"]
[EventRounds "9"]
[EventCountry "IRI"]
[SourceTitle "CBM 200 Extra"]
[Source "ChessBase"]
[SourceDate "2021.03.31"]
[SourceVersion "1"]
[SourceVersionDate "2021.03.31"]
[SourceQuality "1"]

1. Nf3 d5 2. d4 e6 3. c4 Nf6 4. Bg5 Be7 5. Nc3 h6 6. Bxf6 Bxf6 7. e3 0-0 8. cxd5 exd5 9. Be2 Nc6 10. 0-0 Ne7 11. Rc1 Ng6 12. Qb3 c6 13. Bd3 Bg4 14. Be2 Qd7 15. h3 Bf5 16. Nh2 Rae8 17. Bg4 Nh4 18. Bxf5 Qxf5 19. Ne2 Qg5 20. Ng3 Be7 21. Qxb7 Bd6 22. Ng4 h5 23. Ne5 f6 24. Qxc6 fxe5 25. Qxd5+ Rf7 26. Qxd6 exd4 27. Qxd4 Ref8 28. Rc4 Ng6 29. h4 Qe7 30. Nxh5 Ne5 31. Rcc1 Rd8 32. Qc3 Rd6 33. Rfd1 Rh6 34. Qc8+ Rf8 35. Qc5 Qxc5 36. Rxc5 Rxh5 37. Rdc1 Nd3 38. Rxh5 Nxc1 39. Ra5 Rb8 40. b3 Rb7 41. Kf1 Nd3 42. Ke2 Nb4 43. a3 Nc6 44. Rc5 1-0

[Event "IRI-ch U18"]
[Site "Chess.com INT"]
[Date "2021.01.26"]
[Round "3"]
[White "Ghazi, Hamed1111"]
[Black "Alirezaei, Nima"]
[Result "0-1"]
[WhiteElo "1732"]
[BlackElo "1175"]
[PlyCount "92"]
[EventDate "2021.01.26"]
[EventType "swiss"]
[EventRounds "9"]
[EventCountry "IRI"]
[SourceTitle "CBM 200 Extra"]
[Source "ChessBase"]
[SourceDate "2021.03.31"]
[SourceVersion "1"]
[SourceVersionDate "2021.03.31"]
[SourceQuality "1"]

1. e4 e6 2. d4 d5 3. e5 Ne7 4. Nf3 Ng6 5. c3 c5 6. Be2 Nc6 7. 0-0 Bd7 8. a3 Be7 9. b4 c4 10. b5 Na5 11. a4 Nb3 12. Ra2 a6 13. bxa6 Rxa6 14. Nbd2 Nxc1 15. Qxc1 Rxa4 16. Rxa4 Bxa4 17. Qb2 Bc6 18. Ra1 0-0 19. g3 Bg5 20. Bd1 Be7 21. Ba4 Qc7 22. Bb5 b6 23. Ra6 Ra8 24. Rxa8+ Bxa8 25. Qa2 Bc6 26. Qa4 Bxb5 27. Qxb5 Kf8 28. Nf1 Bd8 29. Ne3 Ne7 30. Ng5 h6 31. Nf3 Nc8 32. h4 Na7 33. Qb1 Qc6 34. Qh7 Nb5 35. Qh8+ Ke7 36. Qxg7 Nxc3 37. Qxh6 Ne4 38. Nf5+ Kd7 39. Nd6 Nxd6 40. exd6 Qxd6 41. Ne5+ Kc7 42. Nxf7 Qe7 43. Qf4+ Kb7 44. Nd6+ Kc6 45. Nf7 Bc7 46. Qf3 b5 0-1